书目信息 |
| 题名: |
三号地带
|
|
| 作者: | 阿法纳西耶夫, 著 ;牛晓牧 , 甘雨 译 | |
| 分册: | 下 | |
| 出版信息: | 哈尔滨 北方文艺出版社 2001.09 |
|
| 页数: | 319页 | |
| 开本: | 20cm | |
| 丛书名: | 俄罗斯"新贵"小说系列 | |
| 单 册: | ||
| 中图分类: | I512.45 | |
| 科图分类: | ||
| 主题词: | 长篇小说--chang pian xiao shuo--俄罗斯--现代 | |
| 电子资源: | ||
| ISBN: | 7-5317-1422-1 | |
| 000 | 01313nam 2200277 450 | |
| 001 | 012008402328 | |
| 005 | 20080425135341.29 | |
| 010 | @a7-5317-1422-1@dCNY24.30 | |
| 100 | @a20080425d2001 km y0chiy0120 ea | |
| 101 | 1 | @achi@crus |
| 102 | @aCN@b230000 | |
| 105 | @aa z 000ay | |
| 200 | 1 | @a三号地带@Asan hao di dai@h下@f(俄) 阿纳托利·阿法纳西耶夫著@F(e)a na tuo li·a fa na xi ye fu zhu@d= Зона номер три@fАнатолий Афанасьев@g甘雨, 牛晓牧译@Ggan yu,niu xiao mu yi@zrus |
| 210 | @a哈尔滨@c北方文艺出版社@d2001.09 | |
| 215 | @a319页@c图@d20cm | |
| 225 | 2 | @a俄罗斯"新贵"小说系列@Ae luo si"xin gui"xiao shuo xi lie |
| 330 | @a本书讲述了莫斯科居民神秘失踪的人数与日俱增·这一切都同一个名叫穆斯塔法的亿万富翁有关。他在离莫斯科一百公里的荒原上建起了一个特殊王国—"三号地带"。被绑架的人在这里沦为奴隶。作家以饱经忧患的真情,无情抨击了当今俄罗斯社会的丑恶现象。 | |
| 410 | 0 | @12001 @a俄罗斯"新贵"小说系列 |
| 510 | 1 | @aЗона номер три@zrus |
| 606 | 0 | @a长篇小说@Achang pian xiao shuo@y俄罗斯@z现代 |
| 690 | @aI512.45@v4 | |
| 701 | 1 | @a阿法纳西耶夫,@Aa fa na xi ye fu,@bА.@g(Афанасьев, Анатолий)@4著 |
| 702 | 0 | @a牛晓牧@Aniu xiao mu@4译 |
| 702 | 0 | @a甘雨@Agan yu@4译 |
| 801 | 0 | @aCN@bQSSK@c20080425 |
| 905 | @b20704879-81@dI512.45@eA064:2@f3 | |
| 三号地带.下/(俄) 阿纳托利·阿法纳西耶夫著= Зона номер три/Анатолий Афанасьев/甘雨, 牛晓牧译.-哈尔滨:北方文艺出版社,2001.09 |
| 319页:图;20cm.-(俄罗斯"新贵"小说系列) |
| ISBN 7-5317-1422-1:CNY24.30 |
| 本书讲述了莫斯科居民神秘失踪的人数与日俱增·这一切都同一个名叫穆斯塔法的亿万富翁有关。他在离莫斯科一百公里的荒原上建起了一个特殊王国—"三号地带"。被绑架的人在这里沦为奴隶。作家以饱经忧患的真情,无情抨击了当今俄罗斯社会的丑恶现象。 |
| ● |
| 相关链接 |
|
|
|
正题名:三号地带
索取号:I512.45/A064:2
 
预约/预借
| 序号 | 登录号 | 条形码 | 馆藏地/架位号 | 状态 | 备注 |
| 1 | 704879 | 207048791 | 文学库116/116文学库 16排6列3层/ [索取号:I512.45/A064:2] | 在馆 | |
| 2 | 704880 | 207048808 | 社科二线400B/400B社科库 2排1列1层/ [索取号:I512.45/A064:2] | 在馆 | |
| 3 | 704881 | 207048817 | 文学库116/116文学库 16排6列3层/ [索取号:I512.45/A064:2] | 在馆 |